00362 2200145 4500001002100000005001500021035002000036245006000056100001900116300001200135260003500147082000800182084001400190990001200204INLIS00000000000235520250528110759 a0010-05250006471 aGranny Dan ( Misteri Cinta Balerina ) /cDanielle Steel0 aDanielle Steel a271 hlm aJakarta :bPT. Gramedia,c2005 a813 a813 DAN g a0712647